[Event "Turniej Blitza na II Lidze Juniorów 2018"]
[Site "Szczyrk, Poland"]
[Date "????.??.??"]
[Round "6.13"]
[White "Grzesik, Gracjan"]
[Black "Ciasnocha, Michal"]
[Result "1/2-1/2"]
[TimeControl "3'+2\""]
[WhiteElo "1832"]
[BlackElo "1396"]

1. e4 {[%clk 00:03:03]} {[%emt 00:01:04]} e5 {[%clk 00:03:04]} 2. Nf3 {[%clk
00:03:04]} {[%emt 00:00:01]} Nf6 {[%clk 00:03:05]} 3. Nxe5 {[%clk 00:03:01]}
{[%emt 00:00:06]} d6 {[%clk 00:03:06]} 4. Nf3 {[%clk 00:03:01]} {[%emt
00:00:02]} Nxe4 {[%clk 00:03:07]} {[%emt 00:00:01]} 5. Nc3 {[%clk 00:03:02]}
{[%emt 00:00:02]} Nxc3 {[%clk 00:03:08]} {[%emt 00:00:01]} 6. dxc3 {[%clk
00:03:02]} Be7 {[%clk 00:03:10]} 7. Bd3 {[%clk 00:02:57]} {[%emt 00:00:07]} Be6
{[%clk 00:03:10]} {[%emt 00:00:02]} 8. Be3 {[%clk 00:02:54]} {[%emt 00:00:05]}
Nc6 {[%clk 00:03:10]} {[%emt 00:00:03]} 9. Nd4 {[%clk 00:02:28]} {[%emt
00:00:27]} Nxd4 {[%clk 00:03:08]} {[%emt 00:00:04]} 10. cxd4 {[%clk 00:02:28]}
{[%emt 00:00:03]} d5 {[%clk 00:03:07]} {[%emt 00:00:02]} 11. O-O {[%clk
00:02:21]} {[%emt 00:00:09]} O-O {[%clk 00:03:08]} {[%emt 00:00:02]} 12. Rc1
{[%clk 00:02:12]} {[%emt 00:00:10]} Bf6 {[%clk 00:03:01]} {[%emt 00:00:09]} 13.
b3 {[%clk 00:02:09]} {[%emt 00:00:06]} c6 {[%clk 00:02:51]} {[%emt 00:00:12]}
14. c4 {[%clk 00:01:48]} {[%emt 00:00:23]} Qd7 {[%clk 00:02:52]} {[%emt
00:00:01]} 15. c5 {[%clk 00:01:40]} {[%emt 00:00:10]} Bf5 {[%clk 00:02:51]}
{[%emt 00:00:03]} 16. Qc2 {[%clk 00:01:30]} {[%emt 00:00:11]} Bxd3 {[%clk
00:02:51]} {[%emt 00:00:02]} 17. Qxd3 {[%clk 00:01:31]} Rfe8 {[%clk 00:02:48]}
{[%emt 00:00:05]} 18. Rce1 {[%clk 00:01:13]} {[%emt 00:00:21]} Re4 {[%clk
00:02:47]} {[%emt 00:00:04]} 19. f3 {[%clk 00:01:14]} {[%emt 00:00:01]} Re6
{[%clk 00:02:47]} {[%emt 00:00:01]} 20. Bf2 {[%clk 00:01:10]} {[%emt 00:00:05]}
Rae8 {[%clk 00:02:48]} {[%emt 00:00:02]} 21. Qd2 {[%clk 00:00:57]} {[%emt
00:00:14]} R8e7 {[%clk 00:02:42]} {[%emt 00:00:09]} 22. Rxe6 {[%clk 00:00:56]}
{[%emt 00:00:03]} Rxe6 {[%clk 00:02:43]} {[%emt 00:00:01]} 23. Re1 {[%clk
00:00:55]} {[%emt 00:00:04]} Qe7 {[%clk 00:02:42]} {[%emt 00:00:03]} 24. Rxe6
{[%clk 00:00:53]} {[%emt 00:00:04]} Qxe6 {[%clk 00:02:43]} 25. h3 {[%clk
00:00:29]} {[%emt 00:00:26]} h6 {[%clk 00:02:41]} {[%emt 00:00:04]} 1/2-1/2

[Event "Turniej Blitza na II Lidze Juniorów 2018"]
[Site "Szczyrk, Poland"]
[Date "????.??.??"]
[Round "6.24"]
[White "Krawczyk, Flawian"]
[Black "Pyzio, Amelia"]
[Result "1-0"]
[TimeControl "3'+2\""]
[WhiteElo "1372"]
[BlackElo "1747"]

1. g3 {[%clk 00:03:02]} {[%emt 00:00:02]} d5 {[%clk 00:03:02]} {[%emt
00:00:02]} 2. Bg2 {[%clk 00:03:03]} {[%emt 00:00:01]} c6 {[%clk 00:03:03]}
{[%emt 00:00:02]} 3. Nf3 {[%clk 00:03:04]} {[%emt 00:00:01]} Nf6 {[%clk
00:03:04]} {[%emt 00:00:01]} 4. d3 {[%clk 00:03:05]} {[%emt 00:00:01]} Bg4
{[%clk 00:03:00]} {[%emt 00:00:05]} 5. O-O {[%clk 00:03:05]} {[%emt 00:00:02]}
Nbd7 {[%clk 00:02:55]} {[%emt 00:00:07]} 6. Nbd2 {[%clk 00:03:06]} {[%emt
00:00:01]} e5 {[%clk 00:02:52]} {[%emt 00:00:05]} 7. e4 {[%clk 00:03:03]}
{[%emt 00:00:05]} Bd6 {[%clk 00:02:43]} {[%emt 00:00:12]} 8. h3 {[%clk
00:03:03]} {[%emt 00:00:01]} Bh5 {[%clk 00:02:43]} {[%emt 00:00:02]} 9. g4
{[%clk 00:03:02]} {[%emt 00:00:04]} Bg6 {[%clk 00:02:42]} {[%emt 00:00:02]} 10.
Re1 {[%clk 00:02:58]} {[%emt 00:00:07]} O-O {[%clk 00:02:40]} {[%emt 00:00:04]}
11. Nh4 {[%clk 00:02:57]} {[%emt 00:00:02]} Bc7 {[%clk 00:02:29]} {[%emt
00:00:14]} 12. Nf5 {[%clk 00:02:57]} {[%emt 00:00:01]} dxe4 {[%clk 00:02:13]}
{[%emt 00:00:18]} 13. dxe4 {[%clk 00:02:57]} {[%emt 00:00:02]} Bb6 {[%clk
00:02:05]} {[%emt 00:00:10]} 14. Nc4 {[%clk 00:02:56]} {[%emt 00:00:03]} Bxf5
{[%clk 00:01:46]} {[%emt 00:00:22]} 15. exf5 {[%clk 00:02:56]} {[%emt
00:00:01]} Re8 {[%clk 00:01:24]} {[%emt 00:00:24]} 16. Nd6 {[%clk 00:02:52]}
{[%emt 00:00:06]} Re7 {[%clk 00:01:25]} {[%emt 00:00:02]} 17. Nxb7 {[%clk
00:02:48]} {[%emt 00:00:05]} Qc7 {[%clk 00:01:26]} 18. Nd6 {[%clk 00:02:47]}
{[%emt 00:00:04]} Nc5 {[%clk 00:01:16]} {[%emt 00:00:12]} 19. Nc4 {[%clk
00:02:44]} {[%emt 00:00:04]} Rd8 {[%clk 00:01:14]} {[%emt 00:00:04]} 20. Qf3
{[%clk 00:02:43]} {[%emt 00:00:02]} e4 {[%clk 00:01:14]} {[%emt 00:00:04]} 21.
Qf4 {[%clk 00:02:42]} {[%emt 00:00:02]} Nd5 {[%clk 00:00:43]} {[%emt 00:00:34]}
22. Qxc7 {[%clk 00:02:41]} {[%emt 00:00:03]} Bxc7 {[%clk 00:00:43]} {[%emt
00:00:02]} 23. b3 {[%clk 00:02:27]} {[%emt 00:00:16]} Nc3 {[%clk 00:00:34]}
{[%emt 00:00:12]} 24. Ba3 {[%clk 00:02:25]} {[%emt 00:00:03]} Bb6 {[%clk
00:00:31]} {[%emt 00:00:05]} 25. Nxb6 {[%clk 00:02:20]} {[%emt 00:00:07]} axb6
{[%clk 00:00:32]} 26. Bxc5 {[%clk 00:02:12]} {[%emt 00:00:11]} bxc5 {[%clk
00:00:33]} 27. a4 {[%clk 00:02:09]} {[%emt 00:00:05]} Rd2 {[%clk 00:00:34]}
{[%emt 00:00:02]} 28. a5 {[%clk 00:02:04]} {[%emt 00:00:06]} Rxc2 {[%clk
00:00:31]} {[%emt 00:00:05]} 29. a6 {[%clk 00:02:04]} {[%emt 00:00:02]} Nb5
{[%clk 00:00:32]} {[%emt 00:00:01]} 30. Bxe4 {[%clk 00:01:57]} {[%emt
00:00:10]} Rb2 {[%clk 00:00:29]} {[%emt 00:00:05]} 31. Bxc6 {[%clk 00:01:57]}
{[%emt 00:00:02]} Rxe1+ {[%clk 00:00:09]} {[%emt 00:00:21]} 32. Rxe1 {[%clk
00:01:58]} {[%emt 00:00:01]} Na7 {[%clk 00:00:09]} {[%emt 00:00:02]} 33. Re8#
{[%clk 00:01:58]} {[%emt 00:00:02]} 1-0

[Event "Turniej Blitza na II Lidze Juniorów 2018"]
[Site "Szczyrk, Poland"]
[Date "????.??.??"]
[Round "6.46"]
[White "Skrzypinski, Jan"]
[Black "Partyka, Pawel"]
[Result "0-1"]
[TimeControl "3'+2\""]
[WhiteElo "1231"]
[BlackElo "1772"]

1. e4 {[%clk 00:03:02]} {[%emt 00:00:02]} Nf6 {[%clk 00:03:04]} 2. e5 {[%clk
00:03:03]} Nd5 {[%clk 00:03:05]} 3. c4 {[%clk 00:03:04]} {[%emt 00:00:01]} Nb6
{[%clk 00:03:06]} {[%emt 00:00:01]} 4. d4 {[%clk 00:03:06]} {[%emt 00:00:01]}
d6 {[%clk 00:03:07]} 5. f4 {[%clk 00:03:07]} dxe5 {[%clk 00:03:08]} {[%emt
00:00:02]} 6. fxe5 {[%clk 00:03:08]} {[%emt 00:00:01]} Nc6 {[%clk 00:03:08]}
{[%emt 00:00:02]} 7. Nf3 {[%clk 00:03:10]} {[%emt 00:00:01]} Bg4 {[%clk
00:03:09]} 8. Be3 {[%clk 00:03:09]} {[%emt 00:00:02]} e6 {[%clk 00:03:09]}
{[%emt 00:00:02]} 9. Nc3 {[%clk 00:03:09]} {[%emt 00:00:02]} Qd7 {[%clk
00:03:08]} {[%emt 00:00:03]} 10. h3 {[%clk 00:03:09]} {[%emt 00:00:02]} Bf5
{[%clk 00:03:08]} {[%emt 00:00:01]} 11. Bd3 {[%clk 00:03:06]} {[%emt 00:00:06]}
Bxd3 {[%clk 00:02:57]} {[%emt 00:00:13]} 12. Qxd3 {[%clk 00:03:04]} {[%emt
00:00:04]} Nb4 {[%clk 00:02:56]} {[%emt 00:00:03]} 13. Qe2 {[%clk 00:03:04]}
{[%emt 00:00:02]} O-O-O {[%clk 00:02:51]} {[%emt 00:00:07]} 14. O-O-O {[%clk
00:02:56]} {[%emt 00:00:09]} f6 {[%clk 00:02:48]} {[%emt 00:00:06]} 15. a3
{[%clk 00:02:54]} {[%emt 00:00:04]} Nc6 {[%clk 00:02:48]} {[%emt 00:00:02]} 16.
exf6 {[%clk 00:02:53]} {[%emt 00:00:03]} gxf6 {[%clk 00:02:49]} {[%emt
00:00:02]} 17. Rhe1 {[%clk 00:02:50]} {[%emt 00:00:04]} Qf7 {[%clk 00:02:38]}
{[%emt 00:00:12]} 18. Bf4 {[%clk 00:02:38]} {[%emt 00:00:14]} Bg7 {[%clk
00:02:24]} {[%emt 00:00:16]} 19. Qxe6+ {[%clk 00:02:33]} {[%emt 00:00:08]} Qxe6
{[%clk 00:02:25]} {[%emt 00:00:01]} 20. Rxe6 {[%clk 00:02:34]} {[%emt
00:00:01]} Nxc4 {[%clk 00:02:25]} {[%emt 00:00:03]} 21. d5 {[%clk 00:02:24]}
{[%emt 00:00:10]} N6e5 {[%clk 00:02:18]} {[%emt 00:00:10]} 22. Bxe5 {[%clk
00:02:20]} {[%emt 00:00:06]} Nxe5 {[%clk 00:02:17]} {[%emt 00:00:03]} 23. Nxe5
{[%clk 00:02:20]} {[%emt 00:00:02]} fxe5 {[%clk 00:02:17]} {[%emt 00:00:02]} 24.
Ne4 {[%clk 00:02:15]} {[%emt 00:00:07]} Rhf8 {[%clk 00:02:10]} {[%emt
00:00:09]} 25. b4 {[%clk 00:01:48]} {[%emt 00:00:29]} Rf4 {[%clk 00:02:09]}
{[%emt 00:00:02]} 26. Nc5 {[%clk 00:01:45]} {[%emt 00:00:05]} b6 {[%clk
00:02:03]} {[%emt 00:00:09]} 27. Nd3 {[%clk 00:01:41]} {[%emt 00:00:06]} Rc4+
{[%clk 00:02:00]} {[%emt 00:00:04]} 28. Kb1 {[%clk 00:01:23]} {[%emt 00:00:19]}
Rd4 {[%clk 00:01:58]} {[%emt 00:00:05]} 29. Kc2 {[%clk 00:01:08]} {[%emt
00:00:16]} R4xd5 {[%clk 00:01:54]} {[%emt 00:00:07]} 30. Re7 {[%clk 00:01:07]}
{[%emt 00:00:04]} R5d7 {[%clk 00:01:50]} {[%emt 00:00:05]} 31. Rxd7 {[%clk
00:01:01]} {[%emt 00:00:09]} Rxd7 {[%clk 00:01:51]} {[%emt 00:00:01]} 32. Rf1
{[%clk 00:00:58]} {[%emt 00:00:04]} e4 {[%clk 00:01:49]} {[%emt 00:00:05]} 33.
Nf4 {[%clk 00:00:55]} {[%emt 00:00:05]} e3 {[%clk 00:01:45]} {[%emt 00:00:06]}
34. Re1 {[%clk 00:00:49]} {[%emt 00:00:08]} Bh6 {[%clk 00:01:45]} {[%emt
00:00:02]} 35. g3 {[%clk 00:00:47]} {[%emt 00:00:05]} Rd2+ {[%clk 00:01:42]}
{[%emt 00:00:05]} 36. Kc3 {[%clk 00:00:45]} {[%emt 00:00:03]} Ra2 {[%clk
00:01:23]} {[%emt 00:00:20]} 37. Kb3 {[%clk 00:00:39]} {[%emt 00:00:07]} Rh2
{[%clk 00:01:13]} {[%emt 00:00:13]} 38. Rxe3 {[%clk 00:00:32]} {[%emt
00:00:10]} Bxf4 {[%clk 00:01:13]} {[%emt 00:00:03]} 39. gxf4 {[%clk 00:00:32]}
{[%emt 00:00:01]} Rf2 {[%clk 00:01:13]} {[%emt 00:00:01]} 40. Re8+ {[%clk
00:00:32]} {[%emt 00:00:03]} Kd7 {[%clk 00:01:14]} {[%emt 00:00:02]} 41. Rf8
{[%clk 00:00:32]} {[%emt 00:00:02]} Rf3+ {[%clk 00:01:10]} {[%emt 00:00:05]} 42.
Kb2 {[%clk 00:00:28]} {[%emt 00:00:05]} Rxh3 {[%clk 00:01:09]} {[%emt
00:00:03]} 43. Ra8 {[%clk 00:00:25]} {[%emt 00:00:06]} Rf3 {[%clk 00:01:07]}
{[%emt 00:00:04]} 44. Rxa7 {[%clk 00:00:19]} {[%emt 00:00:09]} Rxf4 {[%clk
00:01:08]} {[%emt 00:00:01]} 45. Ra8 {[%clk 00:00:18]} {[%emt 00:00:02]} h5
{[%clk 00:01:09]} 46. Rh8 {[%clk 00:00:18]} {[%emt 00:00:03]} h4 {[%clk
00:01:11]} 47. Kc3 {[%clk 00:00:17]} {[%emt 00:00:01]} Rf3+ {[%clk 00:01:12]}
{[%emt 00:00:03]} 48. Kb2 {[%clk 00:00:17]} {[%emt 00:00:01]} h3 {[%emt
00:00:05]} 49. Rh7+ {[%clk 00:00:15]} Kd6 {[%clk 00:01:09]} {[%emt 00:00:05]}
50. Rh6+ {[%clk 00:00:09]} {[%emt 00:00:09]} Ke5 {[%clk 00:01:02]} {[%emt
00:00:07]} 51. Rh7 {[%clk 00:00:10]} {[%emt 00:00:03]} c5 {[%clk 00:00:56]}
{[%emt 00:00:08]} 52. bxc5 {[%clk 00:00:10]} {[%emt 00:00:02]} bxc5 {[%clk
00:00:56]} {[%emt 00:00:02]} 53. Re7+ {[%clk 00:00:11]} {[%emt 00:00:01]} Kd6
{[%clk 00:00:54]} {[%emt 00:00:04]} 54. Rh7 {[%clk 00:00:11]} {[%emt 00:00:02]}
Rf2+ {[%clk 00:00:55]} {[%emt 00:00:01]} 55. Kb3 {[%clk 00:00:10]} {[%emt
00:00:03]} h2 {[%clk 00:00:56]} {[%emt 00:00:01]} 56. Ka4 {[%clk 00:00:08]}
{[%emt 00:00:03]} Ke6 {[%clk 00:00:54]} {[%emt 00:00:04]} 57. Rh6+ {[%clk
00:00:09]} {[%emt 00:00:03]} Ke5 {[%clk 00:00:51]} {[%emt 00:00:04]} 58. Kb5
{[%clk 00:00:08]} {[%emt 00:00:02]} Rc2 {[%clk 00:00:45]} {[%emt 00:00:09]} 59.
a4 {[%clk 00:00:07]} {[%emt 00:00:03]} Kf4 {[%clk 00:00:45]} {[%emt 00:00:02]}
60. a5 {[%clk 00:00:07]} {[%emt 00:00:03]} Kg3 {[%clk 00:00:41]} {[%emt
00:00:05]} 61. Rg6+ {[%clk 00:00:08]} {[%emt 00:00:02]} Kf2 {[%clk 00:00:40]}
{[%emt 00:00:02]} 62. Rf6+ {[%clk 00:00:08]} {[%emt 00:00:01]} Kg1 {[%clk
00:00:41]} {[%emt 00:00:02]} 63. Rg6+ {[%clk 00:00:09]} Rg2 {[%clk 00:00:42]}
{[%emt 00:00:01]} 64. Rh6 {[%clk 00:00:08]} {[%emt 00:00:03]} h1=Q {[%clk
00:00:35]} {[%emt 00:00:08]} 65. Rxh1+ {[%clk 00:00:09]} {[%emt 00:00:02]} Kxh1
{[%clk 00:00:36]} 66. Kxc5 {[%clk 00:00:10]} {[%emt 00:00:01]} Rc2+ {[%clk
00:00:32]} {[%emt 00:00:06]} 67. Kb6 {[%clk 00:00:10]} {[%emt 00:00:01]} Rb2+
{[%clk 00:00:33]} {[%emt 00:00:01]} 68. Kc7 {[%clk 00:00:06]} {[%emt 00:00:06]}
Rc2+ {[%clk 00:00:33]} {[%emt 00:00:02]} 69. Kb6 {[%clk 00:00:07]} {[%emt
00:00:01]} Rb2+ {[%clk 00:00:34]} 70. Kc5 {[%clk 00:00:08]} {[%emt 00:00:01]}
Kg2 {[%clk 00:00:31]} {[%emt 00:00:05]} 71. a6 {[%clk 00:00:09]} Kf3 {[%clk
00:00:31]} {[%emt 00:00:02]} 72. a7 {[%clk 00:00:09]} {[%emt 00:00:02]} Rc2+
{[%clk 00:00:28]} {[%emt 00:00:06]} 73. Kb4 {[%clk 00:00:07]} {[%emt 00:00:04]}
Ra2 {[%clk 00:00:28]} {[%emt 00:00:03]} 0-1

[Event "Turniej Blitza na II Lidze Juniorów 2018"]
[Site "Szczyrk, Poland"]
[Date "????.??.??"]
[Round "6.40"]
[White "Krzywnicka, Maria"]
[Black "Kebel, Bartosz"]
[Result "1-0"]
[TimeControl "3'+2\""]
[WhiteElo "1573"]
[BlackElo "1283"]

1. e4 {[%clk 00:03:02]} {[%emt 00:00:02]} c5 {[%clk 00:03:04]} {[%emt
00:00:01]} 2. d3 {[%clk 00:03:03]} Nc6 {[%clk 00:03:04]} {[%emt 00:00:01]} 3.
g3 {[%clk 00:03:05]} e5 {[%clk 00:03:05]} {[%emt 00:00:01]} 4. Nc3 {[%clk
00:03:04]} {[%emt 00:00:03]} Nf6 {[%clk 00:03:06]} {[%emt 00:00:01]} 5. Bg2
{[%clk 00:03:05]} d6 {[%clk 00:03:07]} 6. f4 {[%clk 00:03:04]} {[%emt
00:00:04]} exf4 {[%clk 00:03:03]} {[%emt 00:00:05]} 7. Bxf4 {[%clk 00:03:03]}
{[%emt 00:00:03]} Be6 {[%clk 00:03:04]} {[%emt 00:00:01]} 8. Nf3 {[%clk
00:03:03]} {[%emt 00:00:02]} d5 {[%clk 00:03:05]} {[%emt 00:00:01]} 9. exd5
{[%clk 00:03:00]} {[%emt 00:00:06]} Nxd5 {[%emt 00:00:01]} 10. Nxd5 {[%clk
00:03:01]} Bxd5 {[%clk 00:03:07]} 11. O-O {[%clk 00:03:01]} {[%emt 00:00:02]}
Be7 {[%clk 00:03:08]} {[%emt 00:00:01]} 12. Qe2 {[%clk 00:02:48]} {[%emt
00:00:14]} O-O {[%clk 00:03:09]} {[%emt 00:00:02]} 13. Rae1 {[%clk 00:02:48]}
{[%emt 00:00:02]} Re8 {[%clk 00:03:10]} {[%emt 00:00:01]} 14. a3 {[%clk
00:02:43]} {[%emt 00:00:07]} Qb6 {[%clk 00:02:54]} {[%emt 00:00:18]} 15. c3
{[%clk 00:02:36]} {[%emt 00:00:10]} Be6 {[%clk 00:02:37]} {[%emt 00:00:18]} 16.
Ne5 {[%clk 00:02:24]} {[%emt 00:00:14]} Nxe5 {[%clk 00:02:36]} {[%emt
00:00:04]} 17. Bxe5 {[%clk 00:02:24]} {[%emt 00:00:02]} c4+ {[%clk 00:02:29]}
{[%emt 00:00:09]} 18. d4 {[%clk 00:02:06]} {[%emt 00:00:20]} Bd6 {[%clk
00:02:23]} {[%emt 00:00:08]} 19. Qf2 {[%clk 00:02:01]} {[%emt 00:00:07]} Bxe5
{[%clk 00:02:22]} {[%emt 00:00:02]} 20. Rxe5 {[%clk 00:02:02]} {[%emt
00:00:02]} Rab8 {[%clk 00:02:11]} {[%emt 00:00:13]} 21. Rfe1 {[%clk 00:01:53]}
{[%emt 00:00:11]} Bd7 {[%clk 00:02:01]} {[%emt 00:00:12]} 22. Qe2 {[%clk
00:01:20]} {[%emt 00:00:32]} Rxe5 {[%clk 00:01:44]} {[%emt 00:00:21]} 23. Qxe5
{[%clk 00:01:20]} {[%emt 00:00:02]} Rf8 {[%clk 00:01:32]} {[%emt 00:00:14]} 24.
Re2 {[%clk 00:01:16]} {[%emt 00:00:05]} h6 {[%clk 00:01:25]} {[%emt 00:00:10]}
25. Bf3 {[%clk 00:01:14]} {[%emt 00:00:04]} Bc6 {[%clk 00:01:20]} {[%emt
00:00:07]} 26. Bxc6 {[%clk 00:01:10]} {[%emt 00:00:06]} Qxc6 {[%emt 00:00:01]}
27. Qe4 {[%clk 00:01:08]} {[%emt 00:00:04]} Qc7 {[%clk 00:01:12]} {[%emt
00:00:10]} 28. Qe7 {[%clk 00:01:08]} {[%emt 00:00:03]} Qc6 {[%clk 00:01:13]}
{[%emt 00:00:01]} 29. Qe4 {[%clk 00:01:04]} {[%emt 00:00:05]} Qc7 {[%clk
00:01:14]} {[%emt 00:00:02]} 30. Kg2 {[%clk 00:01:01]} {[%emt 00:00:04]} b5
{[%clk 00:01:03]} {[%emt 00:00:13]} 31. Qd5 {[%clk 00:01:00]} {[%emt 00:00:03]}
a6 {[%clk 00:01:03]} {[%emt 00:00:03]} 32. Qe4 {[%clk 00:00:56]} {[%emt
00:00:06]} Qb6 {[%clk 00:00:57]} {[%emt 00:00:06]} 33. d5 {[%clk 00:00:50]}
{[%emt 00:00:09]} a5 {[%clk 00:00:26]} {[%emt 00:00:34]} 34. a4 {[%clk
00:00:45]} {[%emt 00:00:07]} Qb7 {[%clk 00:00:08]} {[%emt 00:00:20]} 35. axb5
Qxb5 {[%clk 00:00:10]} 36. d6 {[%clk 00:00:29]} {[%emt 00:00:03]} Rd8 {[%clk
00:00:09]} {[%emt 00:00:02]} 37. Rd2 {[%clk 00:00:22]} {[%emt 00:00:09]} Qb6
{[%clk 00:00:07]} {[%emt 00:00:04]} 38. d7 {[%clk 00:00:14]} {[%emt 00:00:11]}
Qc7 {[%clk 00:00:03]} {[%emt 00:00:06]} 39. Qd5 {[%clk 00:00:13]} {[%emt
00:00:02]} a4 {[%emt 00:00:03]} 40. Rd4 {[%emt 00:00:03]} 1-0

[Event "Turniej Blitza na II Lidze Juniorów 2018"]
[Site "Szczyrk, Poland"]
[Date "????.??.??"]
[Round "6.1"]
[White "Piesik, Piotr"]
[Black "Szadkowski, Kamil"]
[Result "1-0"]
[TimeControl "3'+2\""]
[WhiteTitle "FM"]
[BlackTitle "FM"]
[WhiteElo "2305"]
[BlackElo "2209"]

1. Nf3 {[%clk 00:03:03]} {[%emt 00:00:24]} g6 {[%clk 00:03:03]} {[%emt
00:00:01]} 2. g3 {[%clk 00:03:05]} Bg7 {[%clk 00:03:04]} 3. d4 {[%clk
00:03:06]} Nf6 {[%clk 00:03:04]} {[%emt 00:00:02]} 4. Bg2 {[%clk 00:03:08]} O-O
{[%clk 00:03:04]} {[%emt 00:00:02]} 5. O-O {[%clk 00:03:08]} {[%emt 00:00:01]}
d6 {[%clk 00:03:05]} 6. Nbd2 {[%clk 00:03:10]} Nc6 {[%clk 00:03:06]} {[%emt
00:00:02]} 7. e4 {[%clk 00:03:11]} e5 {[%clk 00:03:02]} {[%emt 00:00:06]} 8.
dxe5 {[%clk 00:03:12]} dxe5 {[%clk 00:03:02]} {[%emt 00:00:01]} 9. c3 {[%clk
00:03:14]} Qe7 {[%clk 00:03:00]} {[%emt 00:00:05]} 10. Qe2 {[%clk 00:03:14]}
{[%emt 00:00:01]} a5 {[%clk 00:02:56]} {[%emt 00:00:06]} 11. a4 {[%clk
00:03:13]} {[%emt 00:00:03]} b6 {[%clk 00:02:57]} {[%emt 00:00:02]} 12. Rd1
{[%clk 00:03:14]} Ba6 {[%clk 00:02:57]} {[%emt 00:00:02]} 13. Nc4 {[%clk
00:03:08]} {[%emt 00:00:08]} Rfd8 {[%clk 00:02:37]} {[%emt 00:00:22]} 14. Bg5
{[%clk 00:03:08]} {[%emt 00:00:02]} h6 {[%clk 00:02:25]} {[%emt 00:00:14]} 15.
Bxf6 {[%clk 00:03:09]} {[%emt 00:00:02]} Bxf6 {[%clk 00:02:24]} {[%emt
00:00:03]} 16. Bf1 {[%clk 00:03:09]} {[%emt 00:00:02]} Bg7 {[%clk 00:02:16]}
{[%emt 00:00:09]} 17. Qc2 {[%clk 00:03:06]} {[%emt 00:00:05]} Qf6 {[%clk
00:02:13]} {[%emt 00:00:05]} 18. Nfd2 {[%clk 00:02:56]} {[%emt 00:00:12]} Bf8
{[%clk 00:02:01]} {[%emt 00:00:14]} 19. Ne3 {[%clk 00:02:56]} {[%emt 00:00:02]}
Bc5 {[%clk 00:01:47]} {[%emt 00:00:16]} 20. Ndc4 {[%clk 00:02:41]} {[%emt
00:00:18]} h5 {[%clk 00:01:43]} {[%emt 00:00:06]} 21. Nd5 {[%clk 00:02:37]}
{[%emt 00:00:05]} Qg5 {[%clk 00:01:15]} {[%emt 00:00:30]} 22. Nxc7 {[%clk
00:02:29]} {[%emt 00:00:11]} h4 {[%clk 00:01:05]} {[%emt 00:00:11]} 23. Kg2
{[%clk 00:02:17]} {[%emt 00:00:15]} Bb7 {[%clk 00:00:57]} {[%emt 00:00:09]} 24.
Nxa8 {[%clk 00:02:11]} {[%emt 00:00:09]} Rxa8 {[%clk 00:00:58]} {[%emt
00:00:01]} 25. Nd6 {[%clk 00:01:51]} {[%emt 00:00:21]} Bxd6 {[%clk 00:00:59]}
{[%emt 00:00:02]} 26. Rxd6 {[%clk 00:01:52]} Ne7 {[%clk 00:00:35]} {[%emt
00:00:25]} 27. Kg1 {[%clk 00:01:48]} {[%emt 00:00:06]} Kg7 {[%clk 00:00:21]}
{[%emt 00:00:16]} 28. Rxb6 {[%clk 00:01:40]} {[%emt 00:00:11]} Bc8 {[%clk
00:00:20]} {[%emt 00:00:02]} 29. Qc1 {[%clk 00:01:34]} {[%emt 00:00:08]} Qg4
{[%clk 00:00:20]} {[%emt 00:00:03]} 30. Qe3 {[%clk 00:01:21]} {[%emt 00:00:14]}
Be6 {[%clk 00:00:15]} {[%emt 00:00:07]} 31. Be2 {[%clk 00:01:16]} {[%emt
00:00:08]} Qh3 {[%clk 00:00:16]} 32. g4 {[%clk 00:01:15]} {[%emt 00:00:03]}
Qxe3 {[%clk 00:00:15]} {[%emt 00:00:03]} 33. fxe3 {[%clk 00:01:15]} 1-0